| 000 | 01422nam0a22002891 4500 | ||
|---|---|---|---|
| 001 | rc\3542467 | ||
| 005 | 20260406134728.0 | ||
| 021 |
_aRU _b[74-26790] |
||
| 035 | _a(NLR Aleph) 007670353 | ||
| 090 |
_a6427203 _c6427203 |
||
| 100 | _a20130115d1974 |||y0rusy50 ca | ||
| 101 | 0 | _arus | |
| 102 | _aRU | ||
| 105 | _ay z ||||| | ||
| 200 | 1 |
_aВопросы кормопроизводства и рационального использования кормов в условиях Северного Казахстана _eСборник трудов _f[Редколлегия: проф. М.А. Гендельман (отв. ред.) и др.] _gМ-во сел. хоз-ва СССР. Целиногр. с.-х. ин-т |
|
| 210 |
_aЦелиноград _c[ЦСХИ] _d1974 |
||
| 215 |
_a197 с. _d20 |
||
| 320 | _aСписки лит. в конце работ | ||
| 606 |
_aСельскохозяйственные животные _xКормление _yСеверный Казахстан _2psbo |
||
| 606 |
_aКормопроизводство _yСеверный Казахстан _2psbo |
||
| 702 | 1 |
_aГендельман _bМ.А. _gМоисей Аронович _4340 |
|
| 712 | 0 | 2 |
_aЦелиноградский сельскохозяйственный институт _3RU\NLR\AUTH\889917735 _9331618 |
| 801 | 0 |
_aRU _bNLR _gpsbo |
|
| 801 | 1 |
_aRU _bELAR _2rusmarc |
|
| 852 |
_aNLR _j73-3/12109 |
||
| 942 | _cBOOK | ||
| 980 | _aNB | ||